Morphological evaluation of an interspecific hybrid of rubber (Hevea) (Record no. 52879)

MARC details
000 -LEADER
fixed length control field 00469nam a2200133Ia 4500
100 ## - MAIN ENTRY--AUTHOR NAME
Personal name Sankariammal L.
245 #0 - TITLE STATEMENT
Title Morphological evaluation of an interspecific hybrid of rubber (Hevea)
260 ## - PUBLICATION, DISTRIBUTION, ETC. (IMPRINT)
Name of publisher Proceedings of the Ninth Kerala Science Congress, January 1997, Thiruvananthapuram, India, pp. 198-199.
Year of publication 1997
650 ## - SUBJECT ADDED ENTRY--TOPICAL TERM
Topical Term Breeding
650 ## - SUBJECT ADDED ENTRY--TOPICAL TERM
Topical Term Interspecific hybrid
700 ## - ADDED ENTRY--PERSONAL NAME
Personal name Saraswathyamma C.K.
942 ## - ADDED ENTRY ELEMENTS (KOHA)
Koha item type Bibliography STAF
Holdings
Withdrawn status Lost status Damaged status Not for loan Home library Current library Date acquired Koha item type
      Bibliography RRII Library RRII Library 09/04/2014 Bibliography STAF